书目信息 |
| 题名: |
铣工基础
|
|
| 作者: | ;湘潭电机厂 编 | |
| 分册: | ||
| 出版信息: | 长沙 湖南人民出版社 1975 |
|
| 页数: | 339页 | |
| 开本: | 19cm | |
| 丛书名: | ||
| 单 册: | ||
| 中图分类: | TG540.6 , TG54 | |
| 科图分类: | ||
| 主题词: | 铣床--操作--方法 , 铣削 , 铣床 | |
| 电子资源: | ||
| ISBN: | ||
| 000 | 00673nam0 2200265 45 | |
| 001 | 0175002107 | |
| 005 | 20040521144731.2 | |
| 010 | @dCNY0.76 | |
| 100 | @a19951014d1975 em y0chiy0121 ea | |
| 101 | 0 | @achi |
| 102 | @aCN@b430000 | |
| 105 | @ay z 000yy | |
| 106 | @ar | |
| 200 | 10 | @a铣工基础@Axian gong ji chu@f湘潭电机厂编 |
| 210 | @a长沙@c湖南人民出版社@d1975 | |
| 215 | @a339页@d19cm | |
| 606 | @a铣床@x操作@x方法 | |
| 606 | 0 | @a铣削 |
| 606 | 0 | @a铣床 |
| 690 | @aTG540.6@v3 | |
| 690 | @aTG54 | |
| 711 | 02 | @a湘潭电机厂@Axiang tan dian ji chang@4编 |
| 801 | 0 | @aCN@b广东省中山图书馆@c20040521 |
| 801 | 2 | @aCN@bNLC@c20040521 |
| 905 | @f1@b16943@dTG54@e10 | |
| 铣工基础/湘潭电机厂编.-长沙:湖南人民出版社,1975 |
| 339页;19cm |
| ISBN :CNY0.76 |
| ● |
| 相关链接 |
|
|
|
|
正题名:铣工基础
索取号:TG54/10
 
预约/预借
| 序号 | 登录号 | 条形码 | 馆藏地/架位号 | 状态 | 备注 |
| 1 | 0016943 | 001363090 | 第三借阅区/ [索取号:TG54/10] | 在馆 |